[Event "Linares 15th"]
[Site "Linares"]
[Date "1998.03.06"]
[Round "11"]
[White "Shirov, Alexei"]
[Black "Kramnik, Vladimir"]
[Result "1-0"]
[WhiteElo "2710"]
[BlackElo "2790"]
[Annotator "Wedberg,T"]
[PlyCount "81"]
[EventDate "1998.02.22"]
[EventType "tourn"]
[EventRounds "12"]
[EventCountry "ESP"]
[EventCategory "21"]
[SourceTitle "CBM 064"]
[Source "ChessBase"]
[SourceDate "1998.06.02"]
[SourceVersion "1"]
[SourceVersionDate "1998.06.02"]
[SourceQuality "1"]

{After both sides avoiding main lines in the opening, a fairly even position
arises. But Shirov is the more vigilant and takes full advantage of his
opponents small inaccuracies. As usual Shirov plays the ending brilliantly.} 1.
e4 {Cifuentes,R Hansen,Cu} e5 2. Nf3 Nc6 {Hansen,Cu: Kramnik lost against
Shirov as black in his favorite Rauser-Sicilian in Wijk aan Zee i January,
which must be the reason for his unexpected choice of the Ruy Lopez.} 3. Bb5
Nf6 4. O-O Nxe4 5. d4 Be7 (5... Nd6 {is the Berlin defence proper.}) 6. dxe5 {
Shirov avoids main lines - and preparations.} (6. Qe2 {This leads to the
famous position with the K:s N fianchettoed on b7, championed by the great
Emmanuel Lasker. Kramnik is getting his inspiration from the best of sources.}
Nd6 7. Bxc6 bxc6 8. dxe5 Nb7) 6... O-O (6... d5 $5 {Cifuentes,R} 7. exd6 (7.
Nd4 Bd7 $13) (7. Nc3 Nxc3 8. bxc3 O-O 9. Re1 Bg4 $6 (9... Na5 $5 $11) 10. h3
Bh5 11. Rb1 Na5 12. Bf1 Bg6 13. Nd4 c5 14. Ne2 Bf5 15. Nf4 Be6 16. Bd3 c4 17.
Be2 Qd7 18. Bf3 Rad8 19. Qe2 Qc6 20. Rd1 $14 {Romanishin-Knezevic, USSR 1979})
7... Nxd6 8. Bxc6+ bxc6 9. Bf4 O-O 10. Nbd2 $14) 7. Re1 (7. Qd5 {The
alternative.} Nc5 8. Be3 a6 (8... Ne6 {Cifuentes,R} 9. Nc3 a6 (9... f6 10. exf6
Bxf6 11. Bd3 Ne7 12. Qe4 g6 13. Bc4 $14) 10. Ba4 b5 11. Bb3 Rb8 $1 (11... Bb7
12. Rad1 d6 13. exd6 $1 (13. Qe4 Na5 14. Bd5 Bxd5 15. Nxd5 Nc4 16. Bc1 dxe5 17.
Nb6 cxb6 18. Rxd8 Rfxd8 19. b3 Nd6 20. Qxe5 Bf6 $44 {Sax-Rivas, Thessaloniki 
(ol) 1988}) 13... Bxd6 14. Qh5 Ne7 15. Ng5 $1 Nxg5 16. Bxg5 $16) 12. Rad1 Na5
$11) (8... b6 9. Nc3 Rb8 10. Rad1 Qe8 11. Rfe1 a6 12. Bf1 Kh8 13. Qd2 Bd8 14.
Nd5 Ne6 15. c4 b5 16. cxb5 axb5 17. b4 Ne7 18. Nc3 c6 19. Ne4 Bc7 20. Nd6 $16 {
Nunn-Speelman, Hastings 1987/88}) 9. Bxc5 axb5 10. Bxe7 Qxe7 11. Nc3 b4 12. Nb5
Ra5 13. a4 b6 14. Rfe1 Ba6 (14... Nd8 15. Qc4 Ne6 16. c3 bxc3 17. b4 Ra8 18.
Nbd4 Bb7 19. Nf5 Qd8 20. Qxc3 $14 {Lanka-Asanov, USSR 1979}) 15. Rad1 Nb8 16.
b3 Re8 $13 {1/2-1/2 Polgar,J-Smyslov,V/VAM 1997/CBM 62 (31)}) (7. Qe2 {
Cifuentes,R} Nc5 8. Nc3 d6 9. Rd1 Bg4 10. Bxc6 bxc6 11. h3 Bd7 12. Nd4 Qe8 13.
f4 a5 14. b3 f5 15. Ba3 d5 16. Bb2 Ne6 17. Nxe6 Bxe6 18. Qf2 g5 19. fxg5 f4 20.
Rd3 Qh5 $44 {Odeev-Nikitin, USSR 1989}) 7... d5 8. exd6 Bxd6 9. Nbd2 Bf5 $146 {
This position looks very drawish, but these fine gentlemen shows us that there
are always chances if you just play on. Hansen,Cu: This seems to me a
illogical move. The P-structure is symmetrical, blacks only problem is that
white might be able to win some time by attacking Ne4. Black does not have any
P-weaknesses, though white might be slightly more active. Why not get rid of
the main weakness - Ne4 ? :} (9... Nxd2 $1 {Simple and probably best.} 10. Bxd2
Qf6 (10... Be7 11. Bc3 {1/2-1/2 Russek,G-Fedorov,V/New York op 1992/TD 92\05})
(10... Bg4 $11 {Hansen,Cu}) (10... Bg4 11. Bc3 Bf4 12. Bxc6 bxc6 13. Qxd8 Rfxd8
14. Ne5 Bxe5 15. Rxe5 $14) 11. Bc3 Qh6 12. h3 Bf5 13. Bxc6 bxc6 14. Nd4 Bd7 (
14... Bxh3 $1 {Cifuentes,R} 15. gxh3 Qxh3 16. Nf3 Qg4+ 17. Kf1 Qh3+ $11) 15.
Qf3 Qg6 $11 {Djurhuus,R-Vladimirov,E/Gausdal Int 1990/TD 90\05/1/2-1/2 (91)} (
15... Qg6 16. Qe4 Rfe8 17. Qxg6 hxg6 18. Rxe8+ Rxe8 19. Re1 Rb8 20. a3 $14 {
Djurhuus-Vladimirov, Gausdal 1990})) 10. Nc4 $1 {[%csl Re4][%cal Yc4d6] With
no central pawns and no secure central squares to plant the N:s on, exchanging
a N for a B is a good thing. This explains White's initial reluctance to play
Bxc6. Hansen,Cu: Now white is threatening to get the ^^ and the not
sufficiently supported N on e4 could still give problems} (10. Bd3 Nxd2 11.
Bxf5 Nxf3+ 12. Qxf3 Nd4 $11) (10. Nxe4 Bxe4 11. Rxe4 $4 Bxh2+ $19) 10... Bb4 (
10... Bc5 11. Be3 Qf6 {looks reasonable.}) 11. c3 Qxd1 12. Rxd1 Bc5 13. Be3 Ne7
(13... Bxe3 14. Nxe3 Be6 15. Bxc6 bxc6 16. Nd4 $14) 14. Re1 {[%cal Re3c5]} Bxe3
$6 {Simplifying into a problematic ending.} (14... Nd5 {The threat a6 followed
by b5 is handy in some lines, so Black could try to keep Nc4 in place.} 15.
Bxc5 (15. Rad1 Nxe3 16. Nxe3 Be6 $11) (15. Bd4 c6 16. Ba4 Nb6 17. Nxb6 Bxb6 18.
Bxb6 axb6 19. Bc2 Nd6 20. Bxf5 Nxf5 $11) 15... Nxc5 16. Ne3 (16. Re5 Be6 17.
Nd4 $6 c6 $15) (16. Nd4 Bd3 17. Rad1 a6 18. Nb6 Nxb6 19. Bxd3 Nxd3 20. Rxd3
Rfe8 $11) (16. Nce5 f6 17. Rad1 Rad8 18. Nd7 Nxd7 19. Rxd5 Ne5 $11) 16... Nxe3
17. Rxe3 $14 {Whits is quite comfortable in this position. The immediate
threat is Re5. But moves like Nd4, Rae1 and even b4 are are also troublesome.
I don't see a clear way for Black to reach equality here.}) 15. Nxe3 {White
has a slight but nice initiative here. All Blacks minor pieces are targets.}
Nd6 {Allowing White the advantage of B against N in an open position. But
there was no way to avoid it.} (15... Bg6 16. Nh4 {also gives White B for N.} (
16. Ne5 $14 {Hansen,Cu}) (16. Ne5 {Cifuentes,R})) (15... Bc8 16. Nf1 Bf5 17.
Nh4 {is even worse.}) (15... Be6 16. Nd4 $16) 16. Nxf5 Nexf5 17. Ba4 $16 {
[%cal Ya4e8] Hansen,Cu: Whites bishop is clearly stronger that a N in this
open position. And black has certain problems opposing white on the <->e
because Ba4 controls e8} g6 (17... c6 {Hansen,Cu} 18. g4 $5) 18. Re2 b5 {
Clearly a concession, but Black must oppose on the e-file, else White would
chase Nf5 away and penetrate to e7.} (18... h5 $5 {Hansen,Cu /\c7-c6, Tfe8}) (
18... c6 {[%csl Rd6]}) (18... Rad8 $142 {Kramnik} 19. Z0 Nc8 20. Z0 Nb6 21. Z0
Rfe8 22. Z0 Nd6) 19. Bc2 Rfe8 20. Rae1 Rxe2 (20... Ng7 {Cifuentes,R} 21. Ne5
$14) 21. Rxe2 a5 (21... Re8 22. Rxe8+ Nxe8 23. Bxf5 gxf5 24. Nd4 Nd6 25. Nc6 a6
26. Kf1 $16) (21... Kf8 {Cifuentes,R} 22. Ne5) (21... a6 {Cifuentes,R}) 22. Re5
$1 {[%csl Rc7][%cal Ye5c5] Black has many - probably too many - weaknesses for
White to probe. /\Bxf5//\g2-g4//\Re5-c5} b4 (22... h5 {Hansen,Cu} 23. Bxf5 gxf5
24. Rc5 $16) 23. Rc5 $1 {An excellent commanding post for the R.} bxc3 24. Rxc3
Nb5 (24... Ra7 $5) 25. Rc4 {[%csl Ra5,Rc7]} (25. Rc5 $6 {Cifuentes,R} Nfd4 26.
Nxd4 Nxd4 27. Rxc7 Rb8 28. b3 a4 $1 $132) 25... Rd8 26. Kf1 Ne7 27. a4 Nd6 28.
Rxc7 $18 Nd5 29. Rc5 Nb4 30. Bb3 Nd3 (30... Rc8 {Cifuentes,R} 31. Rxc8+ Nxc8
32. Ne5 Nd6 33. Ke2 $16) 31. Rxa5 Nxb2 32. Rd5 $1 {[%csl Rb2] Adding hurt to
injury. Now the N on b2 is doomed.} Rb8 33. Nd2 Rb6 34. Ke2 Ra6 35. Rd4 Nb7 36.
Ne4 Rb6 37. Bd5 Kg7 38. Kd2 Nd6 39. Nc3 Nf5 40. Rf4 Kf6 41. a5 1-0

[Event "Linares 15th"]
[Site "Linares"]
[Date "1998.03.07"]
[Round "12"]
[White "Kramnik, Vladimir"]
[Black "Svidler, Peter"]
[Result "1-0"]
[WhiteElo "2790"]
[BlackElo "2690"]
[Annotator "Ribli,Z"]
[PlyCount "57"]
[EventDate "1998.02.22"]
[EventType "tourn"]
[EventRounds "12"]
[EventCountry "ESP"]
[EventCategory "21"]
[SourceTitle "CBM 064"]
[Source "ChessBase"]
[SourceDate "1998.06.02"]
[SourceVersion "1"]
[SourceVersionDate "1998.06.02"]
[SourceQuality "1"]

1. Nf3 {Ftacnik Donev Das ist Kramniks Lieblingszug. Ribli.} Nf6 2. c4 e6 3. g3
d5 4. d4 {Meines Erachtens bietet dieser Zug bessere Chancen auf
Eröffnungsvorteil als z.B. 4.Bg2, worauf Schwarz 4...dxc4 mit besseren
Ausgleichschancen antworten kann.} Be7 5. Bg2 O-O 6. O-O dxc4 {Der sogenannte
klassische Aufbau. Schwarz öffnet das Spiel und nimmt den Bauern. Die
Zurückeroberung des Bauern kostet Weiß Zeit, die Schwarz für die Beendigung
seiner Entwicklung nutzen möchte.} 7. Qc2 a6 8. Qxc4 {In letzter Zeit ist die
andere Variante mit 8.a4 populär.} b5 9. Qc2 Bb7 10. Bf4 (10. Bg5) (10. Bd2 {
[%cal Yd2a5,Ya5c7]}) 10... Nd5 {Mit dem Textzug verteidigt Schwarz seinen Pc7
und droht gleichzeitig, auf f4 zu nehmen. Der andere Springerzug ist jedoch
aussichtsreicher.} (10... Nc6 $5 11. Nc3 Nb4 {In dieser Variante besitzt
Schwarz gute Ausgleichschancen. Sein Plan ist klar: Er will nach Möglichkeit
c7-c5 durchsetzen.}) 11. Nc3 Nxf4 12. gxf4 {[%csl Yc5,Ye5] Weiß hat einen
Doppelbauern auf der f-Linie, beherrscht aber das Feld e5. Das schwarze
Läuferpaar ist nicht von großer Bedeutung. Weiß übt zudem starken Druck im
Zentrum aus.} Nd7 13. Rfd1 Bxf3 $6 {Ftacnik: Dubious exchange, the defender
hopes to exploit opposite colour bishops. His problem are connected with a6-b5
pawn structure and weakness of c6 square. Dieser Zug gefällt mir nicht, weil
er die Kontrolle über die weißen Felder aufgibt. Nach diesem Abtausch wird der
schwarze Damenflügel spürbar schwach. Donev: Schwarz entscheidet sich für
diese theoretische Fortsetzung, weil Weiß im nächsten Zug Ne5 oder e2-e4
spielen will. Doch nach dem Textzug hat Weiß klarenVorteil. Wahrscheinlich
wird die Variante mit 13...Bf3 nach dieser Partie in Vergessenheit geraten.} (
13... Qc8 $5 14. Ne4 (14. a4 bxa4 (14... b4 15. Ne4 Bd5 16. Rac1 Ra7 17. Ne5
Nxe5 18. fxe5 Qa8 19. Qd3 f5 20. exf6 gxf6 21. Bf3 Rd8 22. Qe3 Kh8 23. Kh1 Rg8
24. Rg1 c6 25. Nd2 {Sosonko,G-Dutreeuw,M/Brussels zt 1993/1-0 (53)}) 15. Nxa4
Rb8 16. Rac1 Bd6 17. e3 Nf6 18. Nc5 Bxc5 19. Qxc5 Bd5 20. Qxc7 $11 {1/2-1/2
Sosonko,G-Rausis,I/Viking op 1997} (20. Rc2 $2 Bb3 $17) (20. Qc2 $2 Bb3 $17) (
20. Rd2 $2 Ne4 {[%cal Re4d2,Re4c5]})) (14. Rac1 {Ftacnik} c5 15. dxc5 Nxc5 16.
Qb1 Rd8 17. b4 Na4 18. Rxd8+ Qxd8 19. Nxa4 bxa4 20. Ne5 Bxg2 21. Kxg2 Rc8 {
1-0 Kurajica,B-Gavric,M/Banja Luka 1985/ (38)}) 14... c5 (14... f5 15. Ned2 (
15. Nc5 Nxc5 16. dxc5 Be4 17. Qb3 c6 18. Ne5 Bd5 19. Qe3 Bf6 20. Rd2 Qc7 $10 {
= Ricardi,P-Granda Zuniga,J/Buenos Aires 1991} (20... Qc7 {Ftacnik} 21. Nf3 {
0-1 Ricardi,P-Granda Zuniga,J/Buenos Aires Najdorf 1991/ (35)})) 15... Bd6 16.
Ne5 Bxg2 17. Kxg2 Qb7+ 18. Ndf3 Nf6 19. e3 g5 20. fxg5 Bxe5 21. dxe5 Ne4 22.
Rd7 Nxg5 23. e4 Nxf3 24. Kxf3 Rad8 25. Rg1+ {1/2-1/2 Nielsen,P-Hansen,S/
Copenhagen op 1995}) 15. dxc5 Nxc5 16. Nxc5 Qxc5 17. Qxc5 Bxc5 18. Rac1 (18.
Ne5 {Ftacnik} Bxg2 19. Kxg2 Rfc8 20. Rd7 f6 21. Nd3 {1/2-1/2 Kirov,N-Guseinov,
A/Baku 1983/ (42)}) 18... Rfc8 19. Ne5 Bxg2 20. Kxg2 f6 21. Nf3 Bf8 (21... Kf8
{Ftacnik} 22. Rd7 Be7 23. Rcc7 Rxc7 24. Rxc7 Bd6 25. Rd7 Bxf4 26. e3 Be5 27.
Nxe5 fxe5 28. Rb7 {1/2-1/2 Novak,I-Prandstetter,E/Bohemians 1981}) 22. e3 g6
23. b3 Bb4 24. h3 Kf8 25. Nd4 Kf7 26. a4 $14 {1-0 Ribli,Z-Karpov,A/IBM 1980 
(54)}) (13... Nf6 {Ftacnik} 14. Ne5 (14. a3 Qd6 15. e3 c5 16. dxc5 Qxc5 17. Qb3
Qh5 18. Ne5 Ng4 19. h3 Bxg2 20. Kxg2 Nxe5 21. fxe5 Qxe5 {Biosvert,J-Barrios,R/
Erevan olm 1996/1/2-1/2 (54)}) 14... Bxg2 15. Kxg2 Bd6 16. e3 (16. Rac1 Qc8 17.
Qd3 g6 18. Qf3 Nh5 19. Ne4 Qd8 20. e3 f6 21. Nc6 Qe8 22. Kh1 {Orseth,
D-Kristiansen,E/NOR-ch 1982/1-0 (69)}) 16... Qc8 17. Ne4 Nd5 18. Rac1 f6 19.
Nc6 Qe8 20. f5 Qh5 21. Ng3 Qg4 22. fxe6 Qxe6 23. Qf5 {Bohm,H-Luczak,A/
Rubinstein mem 1980/1-0 (56)}) (13... Qb8 $5 {Ftacnik}) 14. Bxf3 {[%csl Gf3]}
Rb8 15. e3 $14 {Weiß kontrolliert mehr Raum, sein Läufer ist besonders stark.
Schwarz hat viele Schwächen am Damenflügel zu beklagen, zumal es kaum
Befreiungschancen mit c7-c5 oder e7-e5 gibt.} (15. Ne4 Bd6 16. e3 Qh4 17. Kh1
$14 Nf6 18. Nxf6+ Qxf6 19. Rg1 Qe7 20. Bc6 f5 21. Rg5 Rf7 22. Rag1 g6 23. h4
Kh8 24. h5 Rg7 25. R1g2 Qf6 26. Bf3 a5 27. Qc6 b4 28. Qa6 {Smyslov,V-Barczay,L/
EU-chT Kapfenberg 1970/1-0 (58)}) 15... Nf6 (15... c5 $2 16. dxc5 Bxc5 (16...
Qc7 {Ftacnik} 17. b4 $16) 17. Bc6 $18) 16. Rac1 {[%cal Yc1c7]} Qd6 {Ftacnik:
Queen's desire to cover all important weaknesses (a6,c6,c7) is quite
understandable, but at the same time she becomes exposed.} (16... h6 {Ftacnik}
17. Ne2 Ne8 18. d5 $14) 17. Ne2 {Weiß hat starken positionellen Druck auf der
c-Linie. Der Punkt c6 sowie der Pc7 sind schwach.} Rfc8 (17... Nd5 {Ftacnik}
18. Bxd5 Qxd5 19. Qxc7 Bf6 20. b3 $14) 18. e4 $5 {[%cal Re4e5,Re5f6,Re5d6]} Qd7
19. d5 $1 {Dieser Zentrumsdurchbruch bietet Weiß die besseren Perspektiven.
Donev: Das weiße Spiel läuft mit der Präzsion eines Uhrwerks.} (19. Qc6 Rb6 $14
(19... Qxc6 $6 20. Rxc6 $16 {[%csl Gc6][%cal Rc6a6]})) 19... exd5 {Ftacnik:
Svidler was already facing a very difficult choice. His solution with hope for
counterplay will be convincingly refuted.} (19... Bf8 $5 {Ftacnik} 20. Bg2 (20.
dxe6 Qxe6 21. e5 Ne8 22. Nd4 Qh6 23. Nc6 Qxf4 24. Be4 g6 25. Nxb8 Rxb8 $13)
20... exd5 21. e5 Ng4 22. Rxd5 Qe7 23. Nd4 $16) 20. e5 Ne8 {Donev: Der arme
Springer. Sein Schicksal ist es, die ganze Partie über am Rand zu bleiben.} (
20... Ng4 {Ftacnik} 21. Rxd5 Qe6 22. Nd4 $18) 21. Rxd5 {[%csl Gd5,Rd7] Die
schwarze Dame findet keinen guten Platz. Weiß erfreut sich nicht nur großen
Raumvorteils, sondern auch der besseren Figurenkoordination. Donev: Weiß hat
eine überlegene Stellung - er hat den besseren Bf3 (als Be7), den besseren Ne2
(als Ne8) und dazu noch Druck auf den schwachen Pc7.} Qh3 (21... Qe6 22. Nd4
$16 {[%csl Gd4,Gd5,Re6]}) 22. Bg2 Qh4 (22... Qg4 {Ftacnik} 23. h3 Qh4 24. Nd4
$1 $16) {[#]} 23. Nd4 $1 $16 {Ftacnik: Impressive manouver, white knight aims
for the best square on the board. Black's pieces will face enemy in top
coordination. Weiß stellt mit diesem Zug sehr unangenehme Drohungen auf, z.B.
24.Nf5 und 24.Nc6. Donev: Die vielseitigen Drohungen von Nc6 und Nf5 lassen
Schwarz keine große Wahl. So findet Schwarz keine Zeit für den befreienden Zug
c7-c5.} (23. Qe4 {Ftacnik} c5 24. f5 Qxe4 25. Bxe4 Rd8 $1 $14) 23... Qxf4 (
23... c5 $2 {Ftacnik} 24. Nf5 $18) 24. Nc6 {[%csl Gc6,Gd5,Rf4][%cal Rc6e7,
Rc6b8]} Bh4 (24... Bg5 25. Rcd1 Rb6 26. R5d4 $18 {[%csl Rf4][%cal Rd4f4] Und
die schwarze Dame hat kein Feld!} (26. R1d4 {Ftacnik} Rxc6 27. Qxc6 Qc1+ 28.
Qxc1 Bxc1 29. Rd8 $18)) 25. Rcd1 $1 {Donev: Die schwarzen Figuren stehen sehr
schlecht, und Kramnik nützt dies in blendender Manier aus. Denn nun stehen
auch noch die schwarze Qf4 und der Bh4 schlecht.} (25. Rd4 $4 Bxf2+ 26. Qxf2
Qxc1+ $17) (25. Nxb8 {Ftacnik} Rxb8 26. Rcd1 $16) 25... Rb6 (25... Ra8 26. R5d4
Qh6 (26... Qg5 27. Qe4 $18 {[%csl Rh4][%cal Rd4h4]}) 27. Qe4 {[%csl Rh4][%cal
Rd4h4]} Bg5 28. h4 $18 {[%csl Rg5]}) 26. R5d4 Rxc6 {Ftacnik: Black was in
danger of beeing punished by the strong kingside attack.} (26... Qg5 27. Qe4 {
[%csl Rh4][%cal Rd4h4]} (27. Qe4 {Ftacnik} Qh6 28. e6 Bf6 29. exf7+ Kxf7 30.
Qd5+ Kf8 31. Qc5+ Nd6 32. Rxd6 cxd6 33. Qxd6+ $18)) (26... Qh6 27. Qf5 {
[%csl Rc8]} Ra8 28. Ne7+ (28. Rf4 $18 {[%cal Yf5f7] Donev}) (28. Rf4 $18 {
Ftacnik}) 28... Bxe7 29. Bxa8 $18) 27. Bxc6 (27. Qxc6 {Ftacnik} Bxf2+ 28. Kh1
Bxd4 29. Qd7 Bxe5 $19) 27... Qxe5 (27... Qg5+ {Ftacnik} 28. Kh1 $18) 28. Bd7
$18 (28. Rxh4 $4 Qg5+ $17 {[%cal Rg5h4,Rg5g1]} (28... Qg5+ {Ftacnik} 29. Bg2
Qxh4 $19)) 28... Rd8 (28... Qg5+ {Ftacnik} 29. Rg4 $18) 29. Rxh4 {Und Schwarz
gab in verlorener Stellung auf. Ribli.} (29. Rxh4 Rxd7 (29... Nf6 {Ftacnik} 30.
Bc6 Qg5+ 31. Kh1 Rxd1+ 32. Qxd1 Qxh4 33. Qd8+ $18) 30. Qxh7+ (30. Rxd7 Qg5+ 31.
Kf1 $16) 30... Kf8 31. Rxd7 Qg5+ 32. Kf1 Qc1+ 33. Kg2 Qg5+ 34. Kh3 $18) 1-0

[Event "Linares 15th"]
[Site "Linares"]
[Date "1998.03.08"]
[Round "13"]
[White "Kasparov, Garry"]
[Black "Kramnik, Vladimir"]
[Result "1/2-1/2"]
[WhiteElo "2825"]
[BlackElo "2790"]
[Annotator "Kostakiev,D"]
[PlyCount "103"]
[EventDate "1998.02.22"]
[EventType "tourn"]
[EventRounds "12"]
[EventCountry "ESP"]
[EventCategory "21"]
[SourceTitle "CBM 064"]
[Source "ChessBase"]
[SourceDate "1998.06.02"]
[SourceVersion "1"]
[SourceVersionDate "1998.06.02"]
[SourceQuality "1"]

{[%mdl 4376]} 1. d4 {Ftacnik} Nf6 2. c4 e6 3. Nc3 Bb4 4. Qc2 O-O 5. a3 Bxc3+ 6.
Qxc3 b6 7. Nf3 Bb7 8. Bg5 d6 9. Nd2 Nbd7 10. f3 h6 11. Bh4 Rc8 12. e4 c5 13.
Bd3 d5 $1 $146 (13... cxd4 14. Qxd4 Ne5 15. Be2 (15. O-O Ng6 16. Bf2 Qe7 17.
Rfe1 Rfd8 18. Bf1 Nd7 19. a4 a5 {Gerstner,W-Farago,I/BL2-S9697 1997/BL2-S/1/
2-1/2 (51)}) 15... Ng6 16. Bxf6 Qxf6 17. Qxf6 gxf6 18. g3 d5 19. exd5 exd5 20.
Kf2 Ne5 $14 (20... Rfd8 $14 {1/2-1/2 Hoang Than Trang-Eperjesi,L/It (cat.2)
Budapest (Hungary) 1994 (24)}) (20... Rfd8 {Ftacnik} 21. Rhd1 Ne5 22. b3 dxc4
23. Nxc4 Bd5 24. Nd2 Be6 25. Ne4 Bxb3 26. Nxf6+ Kg7 27. Nh5+ Kf8 {1/2-1/2
Hoang Than Trang-Eperjesi,L/Budapest FS07 IM 1994/EXT 94 (37)}) 21. cxd5 $14 {
1/2-1/2 Hoang Than Trang-Lin Ye/Izt (w) Kishinev (Moldova) 1995 (23)} (21. cxd5
Bxd5 22. Rac1 Rfd8 23. Rhd1 Be6 24. Ne4 Kg7 {Hoang Than Trang-Lin Ye/Kishinev
izt-W 1995/EXT 95/1/2-1/2 (80)})) (13... Nxe4 $2 {Ftacnik} 14. Bxe4 Qxh4+ 15.
g3 $18) 14. exd5 (14. e5 g5 (14... Ne4 $1 {Ftacnik} 15. Bxd8 (15. Nxe4 Qxh4+
16. g3 Qh5 17. Nd6 cxd4 18. Qxd4 Qxe5+ 19. Qxe5 Nxe5 $15) 15... Nxc3 16. Be7
Rfe8 17. bxc3 (17. Bd6 dxc4 18. Nxc4 Nd5 $15) 17... Rxe7 18. cxd5 Bxd5 $15) 15.
Bf2 dxc4 16. Bxc4 Nd5 $15) (14. Bg3 $6 {Ftacnik} dxe4 15. Nxe4 Nxe4 16. Bxe4
Bxe4 17. fxe4 Nf6 $19) (14. dxc5 {Ftacnik} Nxe4 15. Nxe4 Qxh4+ 16. g3 Qe7 17.
Nd6 Rxc5 18. Nxb7 Rc7 $17) 14... exd5 15. O-O {[#]} (15. cxd5 {Ftacnik} Re8+
16. Kf1 g5 17. Bf2 Nxd5 $17) 15... cxd4 (15... dxc4 $5 16. Nxc4 cxd4 $15) 16.
Qxd4 Nc5 (16... dxc4 $5 17. Bxc4 Re8 $132) 17. Bxf6 (17. Bf5 $5 {Ftacnik} Ne6 (
17... dxc4 $2 18. Bxf6 Qxf6 19. Qxf6 gxf6 20. Bxc8 $16) 18. Bxe6 fxe6 19. Rad1
(19. Rfe1) 19... Qc7 $14) 17... Qxf6 18. Qxf6 gxf6 19. Bf5 $14 {Kasparov must
be better, but the damage is limited due to the active black pieces.} Rcd8 20.
Rfe1 (20. b4 $6 {Ftacnik} dxc4 21. Nxc4 Nb3 22. Rae1 Ba6 $15) 20... Ba6 (20...
d4 $6 {Ftacnik} 21. Re7 $14) 21. Rac1 (21. Re7 {Ftacnik} dxc4 22. Ne4 Nxe4 23.
Bxe4 Rfe8 24. Rxa7 Bc8 25. Rc7 f5 26. Bc2 b5 $11) 21... dxc4 22. Nxc4 Nb3 (
22... Rd5 $5 {Ftacnik} 23. Bb1 Rfd8 $13) 23. Rc3 Nd4 24. Bh3 (24. Bb1 {Ftacnik}
Rfe8 25. Kf2 Rxe1 26. Kxe1 Re8+ $132) (24. Bd3 Nb5 (24... b5 $142 25. Ne3 b4
26. Bxa6 bxc3 27. bxc3 $44 {Kramnik}) 25. Rb3 Nd4 26. Rc3 Nb5 $11) 24... Rfe8
25. Kf2 Rxe1 26. Kxe1 Re8+ 27. Kd2 Ne2 (27... Rd8 {Ftacnik} 28. Ke3 $1) (27...
f5 $1 28. Ne3 $8 f4 29. Nc2 $11 {Kramnik}) 28. Re3 (28. Rc2 {Ftacnik} Nf4 $1
$11) 28... Rd8+ 29. Kxe2 Bxc4+ $11 30. Ke1 Kf8 31. Bf5 {True sign of a poor
form, black would still have to labour for the half point after more exact 31.
Rc3.} (31. Rc3 {Ftacnik} Re8+ (31... b5 32. b3 $1 Rd3 33. Rxd3 Bxd3 34. Kd2 $16
) 32. Kf2 Re2+ 33. Kg3 Be6 34. b4 $14) 31... Re8 32. Rxe8+ Kxe8 33. Kd2 Ke7 34.
Ke3 Bd5 35. Kd4 Kd6 36. Be4 Be6 (36... Bxe4 {Ftacnik} 37. Kxe4 Ke6 38. g4 $16)
37. Bd3 Bc8 38. Bc4 Ke7 (38... Be6 {Ftacnik} 39. Bxe6 fxe6 40. g4 $1 $14) 39.
Ke4 (39. Kd5 {Ftacnik} Be6+ 40. Kd4 Bc8) 39... Bb7+ 40. Bd5 Bc8 41. Kd4 Bd7 42.
Kc4 (42. Bb7 {Ftacnik} Kd6 $11) 42... Be8 43. b4 Bd7 (43... Kd6 {Ftacnik} 44.
Kd4 f5 $1 $11) 44. f4 f5 {Ftacnik: White will bot be able to penetrate with a
king any further.} 45. Bf3 Kd6 46. Bh5 f6 47. Bd1 Bc6 48. g3 Bd7 49. Bc2 Ke6
50. a4 Kd6 51. a5 Ke6 52. Kd4 $14 1/2-1/2